000 02482nam a2200709 i 4500
001 26978
003 KOSZ 005
005 20240405063042.0
008 010425s1976 pl a f |001 0 pol
015 _aUWD 1977/1689
035 _a991016064409705066
035 _a(PL-WaBN)b14313078-48omnis_nlop
035 _ab14313078
035 _a(OCoLC)749868012
035 _a(PL)b0000001431307
035 _a(EXLNZ-48OMNIS_NETWORK)9910019711405606
040 _aWA N
_cWA N
_dKOSZ 005/EG
041 1 _apol
_geng
080 _a72
080 _a(4)
080 _a(084.1)
080 _a"03/19"
100 1 _aPevsner, Nikolaus
_d(1902-1983)
_eAutor
245 1 0 _aHistoria architektury europejskiej /
_cNikolaus Pevsner ; z ang. przeł. Agnieszka Morawińska i Hanna Pawlikowska.
246 1 _iTyt. oryg.:
_aOutline of European architecture
260 _aWarszawa :
_bWydawnictwa Artystyczne i Filmowe,
_c1976.
300 _a487, [5] s. :
_bil. ;
_c20 cm.
336 _aTekst
_btxt
_2rdacontent
337 _aBez urządzenia pośredniczącego
_bn
_2rdamedia
338 _aWolumin
_bnc
_2rdacarrier
380 _aKsiążki
388 _a1901-2000
388 _a1945-1989
500 _aTyt. oryg.: "An outline of European architecture" 1942.
504 _aBibliogr. uzup. bibliogr. najważniejszych opracowań historii architektury polskiej. Indeksy.
648 7 _a1001-1100
_2DBN
648 7 _a1101-1200
_2DBN
648 7 _a1201-1300
_2DBN
648 7 _a1301-1400
_2DBN
648 7 _a1401-1500
_2DBN
648 7 _a1501-1600
_2DBN
648 7 _a1601-1700
_2DBN
648 7 _a1701-1800
_2DBN
648 7 _a1801-1900
_2DBN
648 7 _a1901-2000
_2DBN
648 7 _a301-400
_2DBN
648 7 _a401-500
_2DBN
648 7 _a501-600
_2DBN
648 7 _a601-700
_2DBN
648 7 _a701-800
_2DBN
648 7 _a801-900
_2DBN
648 7 _a 901-1000
_2DBN
650 7 _aBudownictwo
_2DBN
651 7 _aEuropa
658 _aArchitektura i budownictwo
700 1 _aMorawińska, Agnieszka
_d(1944- )
_eTłumaczenie
700 1 _aPawlikowska-Gannon, Hanna
_d(1938- )
_eTłumaczenie
710 2 _aWydawnictwa Artystyczne i Filmowe
_4pbl
856 _uhttp://koha.tu.koszalin.pl/cgi-bin/koha/opac-detail.pl?biblionumber=26978
_yKatalog online BPK
942 _2UKD
_cKS
999 _c26978
_d26978